ESSENTIALS OF FORENSIC MEDICINE AND TOXICOLOGY (Record no. 14910)

MARC details
000 -LEADER
fixed length control field 00334nam a22001457a 4500
003 - CONTROL NUMBER IDENTIFIER
control field SGT
020 ## - INTERNATIONAL STANDARD BOOK NUMBER
International Standard Book Number 978-81-7739-441-2
082 ## - DEWEY DECIMAL CLASSIFICATION NUMBER
Classification number 614
Item number E16A
100 ## - MAIN ENTRY--PERSONAL NAME
Personal name AGGRAWAL,ANIL
245 ## - TITLE STATEMENT
Title ESSENTIALS OF FORENSIC MEDICINE AND TOXICOLOGY
260 ## - PUBLICATION, DISTRIBUTION, ETC. (IMPRINT)
Place of publication, distribution, etc DELHI
Name of publisher, distributor, etc AVICHAL PUB
Year of Publication 2016
300 ## - PAGE DESCRIPTION
No. of Pages 647
650 ## - SUBJECT ADDED ENTRY--TOPICAL TERM
Topical term or geographic name as entry element AYURVEDA
942 ## - ADDED ENTRY ELEMENTS (KOHA)
Source of classification or shelving scheme Dewey Decimal Classification
Koha item type Books
Holdings
Withdrawn status Lost status Source of classification or shelving scheme Damaged status Not for loan Collection code Home library Current library Shelving location Date acquired Vendor Name Cost, normal purchase price SGTU Bill Number Total Checkouts Full call number Accession No. (Barcode) Date last seen Bill Date Koha item type Date last borrowed
    Dewey Decimal Classification     AYURVEDA SGT FA-FP Library SGT FA-FP Library Text Book 30/01/2018 AHUJA PUB 795.00 SGTU 9136   614 E16A FA8030 30/01/2018 04/01/2018 Books  
    Dewey Decimal Classification     AYURVEDA SGT FA-FP Library SGT FA-FP Library Text Book 30/01/2018 AHUJA PUB 795.00 SGTU 9136 1 614 E16A FA8031 15/03/2018 04/01/2018 Books 15/03/2018
    Dewey Decimal Classification     AYURVEDA SGT FA-FP Library SGT FA-FP Library Text Book 30/01/2018 AHUJA PUB 795.00 SGTU 9136   614 E16A FA8032 30/01/2018 04/01/2018 Books  
    Dewey Decimal Classification     AYURVEDA SGT FA-FP Library SGT FA-FP Library Text Book 30/01/2018 AHUJA PUB 795.00 SGTU 9136 1 614 E16A FA8033 19/03/2018 04/01/2018 Books 19/03/2018
    Dewey Decimal Classification     AYURVEDA SGT FA-FP Library SGT FA-FP Library Text Book 30/01/2018 AHUJA PUB 795.00 SGTU 9136 2 614 E16A FA8034 11/06/2021 04/01/2018 Books 13/04/2021